| 000 | 01166nam a2200337 i 4500 | ||
|---|---|---|---|
| 003 | EG-GICUC | ||
| 005 | 20260121101517.0 | ||
| 008 | 251217s1909 mnu| ||fr|||| 001 0 eng d | ||
| 040 |
_aEG-GiCUC _cEG-GiCUC _dEG-GiCUC _erda _beng |
||
| 041 | _aeng | ||
| 082 | 0 | 4 |
_221 _a341.84 _bLO . C |
| 092 | 0 | 4 | _221 |
| 099 | _aLaw1 12 341.84 LO . C 1909 | ||
| 100 | 1 |
_aLorenzen, Ernest G. _d1876-1952, _eAuthor. |
|
| 245 | 1 | 0 |
_aCases on the Conflict of Laws : _bSelected From Decisions of English and American Courts / _cby Ernest G. Lorenzen . |
| 264 | 1 |
_aSt. Paul : _bWest publishing company, _c1909. |
|
| 300 |
_axxi, 784 pages ; _c24 cm. |
||
| 336 |
_2rda content _atext |
||
| 337 |
_2rda media _aComputer |
||
| 338 |
_2rda carrier _aOnline Resource |
||
| 490 | 0 | _aAmerican casebook series. | |
| 500 | _a"List of authorities": page xv-xvii. | ||
| 504 | _aIncludes bibliographical references and index. | ||
| 546 | _aText in English | ||
| 650 | 1 | 4 |
_aconflict of laws _xPrivate international law _2qrmak |
| 650 | 4 | _acourts | |
| 651 | 1 | _2qrmak | |
| 856 | 4 | 0 | _uhttps://fll.law.cu.edu.eg/fulltext/bks/B12-01582.pdf |
| 905 |
_a75 _eHassnaa |
||
| 942 |
_2ddc _cBK _e21 _n0 |
||
| 999 |
_c51212 _d51212 |
||